LEADER 00832nam a2200217 i 4500 001 000000062056 003 CaOOAMICUS 005 20091102000000.0 008 091102s1907 xx u000 u fre u 013 $a33228 040 $aSeMil$bita 245 13$aDe Montaigne a Pascal. 250 $a9 édition. 300 $aIV, 286 p. 490 0 $aHistoire du sentiment religieux en France au 17. siècle 700 1 $aStrowski, Fortunat.$0(OLS)http://semarc/name/10020 773 0 $aStrowski, Fortunat$tPascal et son temps.$dParis : Plon, 1907-1930.$g1$w()22333 830 0$aHistoire du sentiment religieux en France au 17. siècle.$0(OLS)http://semarc/title/29783 850 $aSeMil 852 $aSeMil$W1$xVenegono$y1$m3E II 61$j28209$B28209$CSeMilBibl$Z2$F28212 $81 996 $6245$aDe Montaigne a Pascal$9(OLS)http://semarc/title/97631 LEADER 01103nam a2200253 i 4500 001 000000208714 003 CaOOAMICUS 005 20111125000000.0 008 111125s1964 it u000 u ita u 013 $a187502 040 $aSeMil$bita 100 1 $aFleming, Denna Frank.$0(OLS)http://semarc/name/74862 240 14$aThe Cold War and its origins (1917-1960).$0(OLS)http://semarc/title/301787 245 10$aStoria della guerra fredda (1917-1960) /$cD. F. Fleming. 260 $aMilano :$bFeltrinelli,$ccopyr. 1964. 300 $a1337 p. ;$c23 cm. 490 0 $aI fatti e le idee : Saggi e biografie ;$v127 650 4$aGuerra fredda.$0(OLS)http://semarc/subject/39221 650 4$aPolitica internazionale - 1917-1960.$0(OLS)http://semarc/subject/39222 830 2$aI fatti e le idee ;$v127.$0(OLS)http://semarc/title/9191 850 $aSeMil 852 $aSeMil$W1$xVenegono$y1$m3U V 297$j159168$B159168$CSeMilBibl$Z2$F170234 $81 996 $6245$aStoria della guerra fredda (1917-1960)$9(OLS)http://semarc/title/301786 996 $6260$aMilano :$bFeltrinelli$9(OLS)http://semarc/publisher/30237